| 000 | 00812nam a2200193 a 4500 | ||
|---|---|---|---|
| 003 | 0 | ||
| 005 | 20250623110406.0 | ||
| 008 | 021119s19uu xx 00 eng d | ||
| 050 |
_aPHS HQ 759.48 _b.D67 1999 |
||
| 100 | _aDoplon, Francis Emmanuel Paolo G. | ||
| 245 |
_aPerceptions of working parents in the Parañaque area on pressures regarding the balance of family and career / _cFrancis Emmanuel Paolo G. Doplon. |
||
| 260 |
_aLas Piñas City, Philippines : _bSouthville International School and Colleges, _c1999. |
||
| 300 |
_a38 pages : _billustrations ; _c28 cm. |
||
| 504 | _aIncludes bibliographical references. | ||
| 650 |
_aWorking parents _zPhilippines _zParañaque _xAttitudes. |
||
| 650 |
_aWork-life balance _zPhilippines. |
||
| 650 |
_aWork and family _zPhilippines _zParañaque. |
||
| 942 |
_2lcc _cPASS |
||
| 999 |
_c96265 _d96265 |
||